Arte y escolástica
Gespeichert in:
| 1. Verfasser: | |
|---|---|
| Format: | Buch |
| Sprache: | Spanisch |
| Veröffentlicht: |
Buenos Aires
La espiga de oro
1945
|
| Schlagworte: | |
| Tags: |
Tag hinzufügen
Keine Tags, Fügen Sie den ersten Tag hinzu!
|
MARC
| LEADER | 00000cam a2200000 a 4500 | ||
|---|---|---|---|
| 001 | UCY8204 | ||
| 003 | CL-VaPUC | ||
| 008 | 950703e19450000AG |||||||||||||||||spa|d | ||
| 082 | 0 | 4 | |a 189.4 |b MAR |2 21 |
| 100 | |a Maritain, Jacques |e autor |9 255680 | ||
| 245 | 1 | 0 | |a Arte y escolástica |
| 300 | |a 233 p | ||
| 942 | |c BK | ||
| 945 | |d 19950703 00:00:00 |a aalvarez | ||
| 260 | |a Buenos Aires |b La espiga de oro |c 1945 | ||
| 650 | 0 | |a Cristianismo |9 257361 | |
| 650 | 0 | |a Escolasticismo |9 264998 | |
| 650 | 0 | |a Artes |9 268202 | |
| 583 | |a last modification |c 20150713 12:19:31 |k Rodrigo Vera | ||
| 999 | |c 235481 |d 235479 | ||
| 952 | |0 0 |1 0 |4 0 |6 189_400000000000000_MAR_1945 |7 0 |8 P |9 242932 |a BIBEDU |b BIBEDU |c BIBEDU_PB |d 2019-11-18 |i 3100782 |o 189.4 MAR 1945 |p 3100782 |r 2024-01-25 |w 2019-11-18 |y BK |k FIL | ||
| 952 | |0 0 |1 0 |3 erb |4 0 |6 189_400000000000000_MAR_1945 |7 0 |8 P |9 242933 |a BIBEDU |b BIBEDU |c BIBEDU_PB |e Villagrán Garnham, Jorge |i 5186943 |o 189.4 MAR 1945 |p 5186943 |r 2024-01-25 |w 2019-11-18 |y BK |z Catalogado en:20150728 |k FIL | ||